000 00636nam a2200229 a 4500
001 BRL_1424
005 20190320211210.0
008 140114s1988----u--o######---#000-0#eng-#
041 _aeng
044 _au
050 4 _aNK8976.A1
_b.D47 1988
100 1 _aDesai, Chelna
_926865
245 1 0 _aIkat textiles of India
_cChelna Desai.
260 _aSan Francisco
_bChronicle Books
_c1988
300 _a155 p.
_bil., fotografías (a color)
_c30 cm.
500 _aAu1673
504 _aBibliografía: p. 155
650 1 4 _aIkat
_vCatálogos
_zIndia
_926866
650 1 4 _aTelas
_vCatálogos
_zIndia
_926867
902 _aGRL
942 _2lcc
_cB
999 _c10234
_d10234